Doğan Kuban yazıları antolojisi 1. cilt : (Kayıt no. 10299)

MARC ayrıntıları
000 -BAŞLIK
Sabit Uzunluktaki Kontrol Alanı 01113nam a2200265 4500
003 - KONTROL NUMARASI KİMLİĞİ
Kontrol Alanı KOHA_MİRAKIL
005 - EN SON İŞLEM TARİHİ ve ZAMANI
Kontrol Alanı 20260420124443.0
008 - SABİT UZUNLUKTAKİ VERİ ÖGELERİ - GENEL BİLGİ
Sabit Alan 260420b tu ||||| |||| 00| 0 tur d
020 ## - ISBN - ULUSLARARASI STANDART KİTAP NUMARASI
Isbn 9789752311459
040 ## - KATALOGLAMA KAYNAĞI
Özgün Kataloglama Kurumu TR-AnABB
Kataloglama Dili tur
Çeviri Kurumu TR-AnABB
041 ## - DİL KODU
Metin ya da ses kaydının dil kodu tur
082 ## - DEWEY ONU SINIFLAMA SİSTEMİ
Sınıflama Numarası 720.8
Cutter numarası KUB 2015 C.1.
100 1# - KİŞİ ADI
Yazar Adı (Kişi adı) Kuban, Doğan,
İsimle ilişkili tarihler 1926-2021
245 10 - ESER ADI BİLDİRİMİ
Başlık Doğan Kuban yazıları antolojisi 1. cilt :
Alt Eseradı vb. sanat, mimarlık, toplum kültürü üzerine makaleler /
Sorumluluk Bildirimi Doğan Kuban ; editör: Yaman Kayabalı
246 ## - DEĞİŞİK BAŞLIK FORMU
Başlık uygun / kısa başlık Sanat, mimarlık, toplum kültürü üzerine makaleler
260 ## - YAYIN, DAĞITIM, VB.
Yayın Yeri İstanbul :
Yayınevi Boyut Yayınevi,
Yayın Tarihi 2015
300 ## - FİZİKSEL TANIMLAMA
Sayfa, Cilt vb. 408 sayfa ;
Boyutları 20 cm
500 ## - GENEL NOT
Genel Not 1. cilt
505 ## - İÇİNDEKİLER NOTU
İçindekiler Notu İçindekiler: Türk Sanatı üzerine - Türk kenti üzerine - Çağdaş Mimari - Mimarlık eğitimi - Güncel - Kuramsal Sanat üzerine yazılar - Atatürk, Cumhuriyet ve devrim yazıları - Çağdaş İslam mimarisi - Genel
650 04 - KONU BAŞLIĞI EK GİRİŞ - KONU TERİMİ
Konusal terim veya coğrafi ad Mimarlık
650 04 - KONU BAŞLIĞI EK GİRİŞ - KONU TERİMİ
Konusal terim veya coğrafi ad Mimarlık, yazılar
700 1# - EK GİRİŞ - KİŞİ ADI
Yazar Adı (Kişi adı) Kayabalı, Yaman,
İlişkili Terim editör
9 (RLIN) 3525
900 ## - YEREL BİLGİ
Kontrol Can ÇELIK
942 ## - EK GİRİŞ ÖGELERİ (KOHA)
Sınıflama Kaynağı Dewey Decimal Classification
Materyal Türü Kitap
Mevcut
Geri Çekilme Durumu Kayıp Durumu Sınıflandırma Kaynağı Kredi için değil Kalıcı Konum Mevcut Konum Kayıt Tarih Toplam Ödünçverme Yer Numarası Demirbaş Numarası Son Görülme Tarihi Fatura Tarihi Materyal Türü
    Dewey Decimal Classification   Prof. Dr. Ruşen Keleş Kütüphanesi Prof. Dr. Ruşen Keleş Kütüphanesi 20/04/2026   720.8 KUB 2015 c.1 RK7190 20/04/2026 20/04/2026 Kitap